Statistics for The Weeknd Songs

Click here to take the quiz!

General Stats

  • This quiz has been taken 3,511 times
    (2,527 since last reset)
  • The average score is 30 of 54

Answer Stats

AlbumSong% Correct
Beauty Behind the MadnessThe Hills
79%
House of BalloonsHouse of Balloons / Glass Table Girls
78%
Kiss LandKiss Land
76%
ThursdayThursday
74%
Beauty Behind the MadnessCan't Feel My Face
73%
House of BalloonsWicked Games
71%
House of BalloonsHigh for This
70%
Echoes of SilenceEchoes of Silence
66%
Beauty Behind the MadnessOften
65%
House of BalloonsThe Morning
65%
ThursdayThe Birds Pt. 1
63%
ThursdayThe Birds Pt. 2
63%
Beauty Behind the MadnessAngel
61%
House of BalloonsWhat You Need
60%
Echoes of SilenceD.D.
58%
Beauty Behind the MadnessLosers
58%
House of BalloonsLoft Music
57%
Beauty Behind the MadnessPrisoner
57%
Beauty Behind the MadnessReal Life
57%
Beauty Behind the MadnessTell Your Friends
57%
House of BalloonsThe Party & The After Party
57%
Echoes of SilenceXO / The Host
57%
House of BalloonsTwenty Eight
56%
Beauty Behind the MadnessEarned It
55%
Beauty Behind the MadnessIn the Night
55%
House of BalloonsThe Knowing
55%
ThursdayThe Zone
55%
Kiss LandWanderlust
55%
Beauty Behind the MadnessAcquainted
54%
Kiss LandPretty
54%
Echoes of SilenceMontréal
53%
Kiss LandProfessional
53%
ThursdayValerie
53%
House of BalloonsComing Down
52%
Kiss LandLive For
52%
Beauty Behind the MadnessShameless
52%
Beauty Behind the MadnessDark Times
51%
Kiss LandAdaptation
50%
Kiss LandBelong to the World
49%
Kiss LandTears in the Rain
49%
Kiss LandThe Town
49%
Echoes of SilenceNext
48%
ThursdayRolling Stone
48%
Beauty Behind the MadnessAs You Are
47%
ThursdayLonely Star
46%
ThursdayGone
44%
Echoes of SilenceInitiation
44%
ThursdayLife of the Party
44%
Kiss LandLove in the Sky
44%
Echoes of SilenceThe Fall
44%
Echoes of SilenceSame Old Song
43%
Echoes of SilenceOutside
42%
Echoes of SilenceTill Dawn (Here Comes the Sun)
41%
ThursdayHeaven or Las Vegas
39%

Score Distribution

Percentile by Number Answered

Percent of People with Each Score

Your Score History

You have not taken this quiz since the last reset